| 000 | 00735nam a2200241Ia 4500 | ||
|---|---|---|---|
| 008 | 191130s2006##################000#0#eng## | ||
| 020 | _a9780140449679 | ||
| 040 |
_aACL _cACL |
||
| 082 | _a362.28 DUR | ||
| 100 | _aDurkheim, Emile | ||
| 245 |
_aOn suicide _cÉmile Durkheim ; translated by Robin Buss ; with an introduction by Richard Sennett and notes by Alexander Riley |
||
| 260 |
_aLondon _bPenguin Books _cc2006 |
||
| 300 | _axxvii, 450 p. ; 18 cm. | ||
| 650 | _aRisk Factors | ||
| 650 | _aSocioeconomic Factors | ||
| 650 | _aSuicide | ||
| 650 | _aSuicide -- psychology | ||
| 700 | _aBuss, Robin | ||
| 700 | _aSennett, Richard | ||
| 990 | _aed8f36acac10000c124dab829fbb7c4d | ||
| 991 | _a251385 | ||
| 999 |
_c279779 _d279779 |
||